Signposts to safety. (Record no. 11002)

000 -LEADER
fixed length control field 00544nam a2200181 a 4500
001 - CONTROL NUMBER
control field :::00008795$&:&@@
003 - CONTROL NUMBER IDENTIFIER
control field OkBaRHE
005 - DATE AND TIME OF LATEST TRANSACTION
control field 20000607103346.0
008 - FIXED-LENGTH DATA ELEMENTS--GENERAL INFORMATION
fixed length control field j 000 0 eng u
040 ## - CATALOGING SOURCE
Transcribing agency
100 1# - MAIN ENTRY--PERSONAL NAME
Personal name Squire, Fred H.
245 10 - TITLE STATEMENT
Title Signposts to safety.
260 ## - PUBLICATION, DISTRIBUTION, ETC. (IMPRINT)
Place of publication, distribution, etc London, UK:EN., :
Name of publisher, distributor, etc Marshall, Morgan & Scott, Ltd.
Date of publication, distribution, etc nd
300 ## - PHYSICAL DESCRIPTION
Extent 121 p. ;
Dimensions 19 cm.
650 ## - SUBJECT ADDED ENTRY--TOPICAL TERM
Topical term or geographic name as entry element Evangelistic Addresses
942 ## - ADDED ENTRY ELEMENTS (KOHA)
Source of classification or shelving scheme
Koha item type Books
Copies
Copy number Price effective from Permanent Location Not for loan Barcode Source of classification or shelving scheme Shelving location Damaged status Full call number Date acquired Lost status Date last seen Withdrawn status Koha item type
12010-04-14RHEMA Bible Training College 8795 General Stacks BV 3795 .S652010-04-14 2010-04-14 Books